| 000 | 01238nam0a22003011 4500 | ||
|---|---|---|---|
| 001 | RU\NLR\INFOCOMM_195\5000042262 | ||
| 005 | 20250613092129.0 | ||
| 035 | _a(NLR Aleph) 009142417 | ||
| 090 |
_a8344119 _c8344119 |
||
| 100 | _a20091022d1970 |||y0rusy50 ca | ||
| 101 | 0 | _aeng | |
| 102 | _aRU | ||
| 105 | _ay ||||000|y | ||
| 200 | 1 |
_aSome problems of sociological information measurement systems _ePaper submitted to 7th World congress of sociology, Varna, Sept., 1970 _fF. M. Borodkin and B. G. Mirkin _gUSSR Acad. of sciences. Siberian dep. Inst. of economics. Dep. of sociological problems and social planning of labour resources |
|
| 210 |
_aNovosibirsk _d1970 |
||
| 215 |
_a14 с. _d20 см |
||
| 309 | _aОтпечат. множит. аппаратом | ||
| 320 | _aБиблиогр.: с. 13 | ||
| 606 |
_aСоциология марксистская _xМетоды исследования _2nlr_sh1 |
||
| 686 |
_aМ-Л4-300 _2rubbk |
||
| 700 | 1 |
_aBorodkin _bF. M. _gFridrich Markovič _4070 |
|
| 701 | 1 |
_aMirkin _bB. G. _gBoris Grigor'evič _4070 |
|
| 712 | 0 | 2 |
_aWorld congress of sociology _d7 _eVarna _f1970 _4000 |
| 801 | 1 |
_aRU _bNLR _c20091022 |
|
| 801 | 0 |
_aRU _bNLR _gPSBO |
|
| 852 |
_aNLR _jД01 Д-4/44 |
||
| 942 | _cBOOK | ||
| 980 | _aNB | ||